Lun yu zhu shu yi wu bian zheng /

Saved in:
Bibliographic Details
Main Author: Huang, Baoqi.
Other Authors: Confucius.
Format: Book
Language:Chinese
Published: Taibei : Xue hai chu ban she, Min guo 68 [1979]
Subjects:
Tags: Add Tag
No Tags, Be the first to tag this record!
LEADER 01010cam a2200289 i 4500
001 007726669-2
005 20024617103528.0
008 801009s1979 ch b 000 0 chi
010 |a 80138570 
020 |c NT$60.00 
035 0 |a ocm17061030 
040 |a DLC  |c DLC  |d NIC  |d *YNH*  |d CStRLIN 
050 0 |a PL2471.Z6  |b H85 
100 1 |6 880-01  |a Huang, Baoqi. 
245 1 0 |6 880-02  |a Lun yu zhu shu yi wu bian zheng /  |c Huang Baoqi zhu. 
260 |6 880-03  |a Taibei :  |b Xue hai chu ban she,  |c Min guo 68 [1979] 
300 |a 4, 5, 129 p. ;  |c 21 cm. 
504 |a Includes bibliographical references (p. 123-129). 
600 0 0 |6 880-04  |a Confucius.  |t Lun yu. 
700 0 2 |6 880-05  |a Confucius.  |t Lun yu.  |k Selections.  |f 1979. 
880 1 |6 100-01  |a 黄寶琪. 
880 1 0 |6 245-02  |a 論語注疏疑誤辨正 /  |c 黄寶琪著. 
880 |6 260-03  |a 台北 :  |b 學海出版社,  |c 民國68 [1979] 
880 0 0 |6 600-04  |a Confucius.  |t 論語. 
880 0 2 |6 700-05  |a Confucius.  |t 論語.  |k Selections.  |f 1979. 
988 |a 20021127 
906 |0 DLC